| 000 | 00722nam a22002171a 4500 | ||
|---|---|---|---|
| 003 | OSt | ||
| 005 | 20110718133202.0 | ||
| 008 | 091005s1996 001 0 eng d | ||
| 020 | _c0.00 | ||
| 040 |
_aNEGST Library - Kenya _bDLC _cDLC _dDLC |
||
| 050 | 4 | _aREF BS 325.F34 1996 | |
| 100 | 1 |
_aBible League of Ghana. _98064 |
|
| 245 | 1 | 0 |
_aNa'ayene Gonpaalom : _bFarefare New Testament of the Bible |
| 260 |
_bBible League of Ghana, _c1996. |
||
| 300 | _a673 p. : map. | ||
| 500 | _a"Frafra language of Ghana, West Africa." - T.p. verso. [Africana] | ||
| 600 | 1 | 0 |
_aBible. N.T. Farefare. 1986. _98065 |
| 600 | 1 | 0 |
_aFarefare language - Texts. _98066 |
| 942 |
_2lcc _cBK |
||
| 999 |
_c40160 _d40160 |
||